000 00792nam a2200253Ia 4500
003 OSt
005 20221005103201.0
006 a|||||r|||| 00| 0
007 ta
008 221004b |||||||| |||| 00| 0 hin d
024 _a107598
037 _cTextual
040 _aCRL
_cCRL
_bhin
041 _2hin
_ahin
082 _aO152,6NTEx, L4
100 _aतिवारी, रमाशंकर
245 0 _aललित की खोज में
246 _aLalit kī khoj mean
260 _aकानपुर
_bग्रन्थम भारत
_c1974
300 _a279पृ0
_ccm.
650 _aहिन्दी साहित्य
942 _hO152,6NTEx, L4
_cTEXL
_2cc
999 _c1009583
_d1009583